[Event "Eastern Asia-ch U16 Girls"]
[Site "Tornelo INT"]
[Date "2021.10.23"]
[Round "5"]
[White "Darshinie, Shanker"]
[Black "Amarathunga, Piyumi Uthpala"]
[Result "1/2-1/2"]
[WhiteElo "1081"]
[BlackElo "1002"]
[PlyCount "102"]
[EventDate "2021.10.22"]
[EventType "swiss"]
[EventRounds "9"]
[EventCountry "NET"]
[SourceTitle "EXT 2023"]
[Source "ChessBase"]
[SourceDate "2022.10.05"]
[SourceVersion "1"]
[SourceVersionDate "2022.10.05"]
[SourceQuality "1"]

1. e4 e6 2. d4 d5 3. exd5 exd5 4. Bd3 Nf6 5. Ne2 Bd6 6. Bf4 0-0 7. 0-0 Nc6 8. c3 Bg4 9. f3 Be6 10. Qc2 Re8 11. Nd2 a6 12. Bg5 h6 13. Bh4 Be7 14. Rfe1 Qd7 15. Nf4 Bd8 16. Nxe6 Rxe6 17. Bf5 Rxe1+ 18. Rxe1 Qd6 19. Bg3 Qf8 20. Nb3 Ne7 21. Bd3 c6 22. Qe2 Ng6 23. Nc5 b5 24. Qc2 Bb6 25. b4 Bxc5 26. bxc5 Nh8 27. Bd6 Qc8 28. Be7 Qd7 29. Bf5 Qc7 30. Qd2 Re8 31. Bxf6 Rxe1+ 32. Qxe1 gxf6 33. Qg3+ Qxg3 34. hxg3 Ng6 35. Bd7 Ne7 36. Kh2 Kg7 37. Kh3 f5 38. g4 fxg4+ 39. Kxg4 Kg6 40. Kf4 Kf6 41. g4 a5 42. a3 a4 43. Kg3 Kg5 44. f4+ Kf6 45. Kh4 Kg6 46. f5+ Kg7 47. Kh5 f6 48. Be8 Kh7 49. Bd7 Kg7 50. Be8 Kh7 51. Bd7 Kg7 1/2-1/2

[Event "Eastern Asia-ch U16 Girls"]
[Site "Tornelo INT"]
[Date "2021.10.22"]
[Round "1"]
[White "Darshinie, Shanker"]
[Black "Bui, Ngoc Phuong Nghi"]
[Result "0-1"]
[WhiteElo "1081"]
[BlackElo "1521"]
[PlyCount "80"]
[EventDate "2021.10.22"]
[EventType "swiss"]
[EventRounds "9"]
[EventCountry "NET"]
[SourceTitle "EXT 2023"]
[Source "ChessBase"]
[SourceDate "2022.10.05"]
[SourceVersion "1"]
[SourceVersionDate "2022.10.05"]
[SourceQuality "1"]

1. e4 c5 2. Nc3 d6 3. d4 cxd4 4. Qxd4 Nc6 5. Qd2 g6 6. b3 Bg7 7. Bb2 Nf6 8. 0-0-0 0-0 9. f3 a5 10. Nh3 Bd7 11. g4 Ne5 12. Be2 a4 13. Kb1 a3 14. Bc1 b5 15. Nf4 Qb8 16. h4 h6 17. Nfd5 Nxd5 18. Nxd5 Nc6 19. Nb4 Nxb4 20. Qxb4 Qc7 21. Rd3 Rfc8 22. Qd2 b4 23. f4 Bb5 24. Rd5 Bxe2 25. Qxe2 Qc3 26. e5 dxe5 27. fxe5 e6 28. Rd3 Qc5 29. Rf1 Rd8 30. Rdf3 Rd7 31. Qf2 Qxe5 32. c3 bxc3 33. Qc2 Rd2 34. Bxd2 cxd2 35. Qxd2 Qa1+ 36. Kc2 Rc8+ 37. Kd3 Rd8+ 38. Ke3 Qe5+ 39. Kf2 Rxd2+ 40. Kg1 Qh2# 0-1